| 000 | 00411pam a2200157a 44500 | ||
|---|---|---|---|
| 008 | 230515b1989 xxu||||| |||| 00| 0 eng d | ||
| 020 | _aNULL | ||
| 041 | _aENGLISH | ||
| 082 | _aNULL | ||
| 100 | _aIRVING SAX RICHARD LEWIS | ||
| 245 | _aDANGEROUS PROPERTIES OF INDUSTRIAL MATERIAL VOL-II | ||
| 250 | _aND | ||
| 260 |
_aNULL _bVAN NOSTRAND REINHOLD COMPANY LTD _c1989 |
||
| 300 | _a1706 HB | ||
| 650 | _aNULL | ||
| 999 |
_c628412 _d628412 |
||